Egypt and Mohammed Ali, or, Travels in the Valley of the Nile /

محفوظ في:

المؤلف الرئيسي: St. John, James Augustus, 1795-1875. (مؤلف)

التنسيق: كتاب

اللغة: English

منشور في: London : Elibron classics, 2005-06.

الموضوعات:

الوسوم: إضافة وسم

لا توجد وسوم, كن أول من يضع وسما على هذه التسجيلة!

رقم الطلب: DT53 .S121 2005 v.1-2

LEADER 00839namaa2200253 4500
001 22857
003 OSt
005 20250515124413.0
008 130303s2005 enka 000 0deng d
020 |a 1402189001  |q (v. 1) 
020 |a 1402188994  |q (v. 2) 
040 |c ARCE Library 
043 |a f-ua--- 
050 4 |a DT53 .S121 2005 v.1-2 
100 1 |a St. John, James Augustus,  |d 1795-1875.  |e author 
245 1 0 |a Egypt and Mohammed Ali, or, Travels in the Valley of the Nile /   |c by James Augustus St. John. 
246 3 5 |a Travels in the Valley of the Nile. 
264 1 |a London :   |b Elibron classics,   |c 2005-06. 
300 |a 2 volumes :   |b illustrations ;   |c 23 cm. 
600 0 0 |a Muḥammad ʻAlī Bāshā,  |c Governor of Egypt,  |d 1769-1849. 
651 0 |a Egypt   |x Description and travel. 
901 |a reviewed 
942 |c BK  |2 lcc 
999 |c 22576  |d 22576